00453nam a2200145Ia 4500008004100000020001500041041000800056082001900064100004100083245011400124250000600238260003500244300001300279650001500292210716s1982 xx 000 0 und d a0060150424 aeng a658.00973 PETT aPeters, Thomas J;Waterman, Robert H. aIn search of excellence: lessons from Americas best run companies.bLessons from Americas best run companies. a1 aNew YorkbHarper and Rowc1982 axxvi,360 aMANAGEMENT